[Event "Olimpiada de Khanty-Mansiysk 2010"]
[Site "Khanty-Mansiysk RUS"]
[Date "2010.09.24"]
[Round "4"]
[White "Shoker, Samy"]
[Black "Miton, Kamil"]
[Result "0-1"]
[WhiteElo "2458"]
[BlackElo "2629"]
[PlyCount "84"]
[EventDate "2010.09.21"]
[EventType "team"]
[EventRounds "11"]
[EventCountry "RUS"]
[Source "lmi"]
[SourceDate "2010.09.21"]
[WhiteTeam "Egipto"]
[BlackTeam "Polonia"]
[WhiteTeamCountry "EGY"]
[BlackTeamCountry "POL"]

1. g3 e5 2. Bg2 d5 3. d3 g6 4. Nf3 Bg7 5. O-O Ne7 6. c4 c6 7. Nc3 O-O 8. Qb3 h6
9. Bd2 b6 10. cxd5 cxd5 11. e4 d4 12. Nd5 Nxd5 13. exd5 Bb7 14. Nh4 Na6 15.
Rac1 Qd7 16. Rfe1 Nc5 17. Qa3 Qb5 18. Be4 f5 19. Bg2 g5 20. Ng6 Rfe8 21. Bh3
Qxd3 22. Bb4 Qxa3 23. Bxa3 Nd3 24. Bxf5 Nxe1 25. Rxe1 Bxd5 26. Ne7+ Rxe7 27.
Bxe7 Re8 28. Bb4 Bf8 29. Bd2 Kf7 30. f3 Kf6 31. Bg4 Bd6 32. b3 Kg6 33. Rf1 Rf8
34. f4 gxf4 35. gxf4 e4 36. f5+ Kf6 37. Bxh6 Rh8 38. Bc1 Bxh2+ 39. Kf2 Be5 40.
Rg1 Rh2+ 41. Ke1 e3 42. Be2 Be4 0-1

[Event "Olimpiada de Khanty-Mansiysk 2010"]
[Site "Khanty-Mansiysk RUS"]
[Date "2010.09.24"]
[Round "4"]
[White "Bartel, Mateusz"]
[Black "Ezat, Mohamed"]
[Result "1-0"]
[WhiteElo "2599"]
[BlackElo "2448"]
[PlyCount "103"]
[EventDate "2010.09.21"]
[EventType "team"]
[EventRounds "11"]
[EventCountry "RUS"]
[Source "lmi"]
[SourceDate "2010.09.21"]
[WhiteTeam "Polonia"]
[BlackTeam "Egipto"]
[WhiteTeamCountry "POL"]
[BlackTeamCountry "EGY"]

1. d4 Nf6 2. c4 g6 3. Nc3 Bg7 4. e4 d6 5. f3 O-O 6. Be3 Nc6 7. Nge2 a6 8. Qd2
Rb8 9. Rc1 Nd7 10. Bg5 f6 11. Bh4 e5 12. d5 Ne7 13. g4 c5 14. dxc6 bxc6 15. Rd1
Nb6 16. Nc1 Be6 17. Qxd6 Qxd6 18. Rxd6 Bxc4 19. b3 Bxf1 20. Rxf1 Rbd8 21. Rxd8
Rxd8 22. Ke2 Na8 23. Bf2 Nc8 24. Nd3 Nc7 25. Nb4 Ne6 26. Rd1 Rxd1 27. Kxd1 c5
28. Nxa6 Bf8 29. Ke2 Kf7 30. Na4 Nd4+ 31. Bxd4 cxd4 32. Kd3 Ke6 33. b4 Kd6 34.
b5 Kd7 35. Nb2 Nd6 36. a4 Nb7 37. Nc4 Kc8 38. g5 Be7 39. gxf6 Bxf6 40. a5 h5
41. Nb4 Nc5+ 42. Kc2 g5 43. Nd3 Nxd3 44. Kxd3 Kb7 45. h3 h4 46. a6+ Ka7 47. Kc2
Bh8 48. Kb3 Bg7 49. Ka4 Bf6 50. Kb3 Bg7 51. Ka3 Bh8 52. Kb4 1-0

[Event "Olimpiada de Khanty-Mansiysk 2010"]
[Site "Khanty-Mansiysk RUS"]
[Date "2010.09.24"]
[Round "4"]
[White "Berg, Emanuel"]
[Black "Stevic, Hrvoje"]
[Result "1/2-1/2"]
[WhiteElo "2616"]
[BlackElo "2607"]
[PlyCount "38"]
[EventDate "2010.09.21"]
[EventType "team"]
[EventRounds "11"]
[EventCountry "RUS"]
[Source "lmi"]
[SourceDate "2010.09.21"]
[WhiteTeam "Suecia"]
[BlackTeam "Croacia"]
[WhiteTeamCountry "SWE"]
[BlackTeamCountry "CRO"]

1. e4 e5 2. Nf3 Nc6 3. Bb5 Bc5 4. O-O Nd4 5. Nxd4 Bxd4 6. c3 Bb6 7. d4 c6 8.
Bc4 d6 9. dxe5 dxe5 10. Qxd8+ Bxd8 11. Be3 Nf6 12. f3 Bb6 13. Kf2 Ke7 14. Nd2
Rd8 15. Rfd1 Bxe3+ 16. Kxe3 Ne8 17. Bb3 Nd6 18. Nc4 Nxc4+ 19. Bxc4 Be6 1/2-1/2

[Event "Olimpiada de Khanty-Mansiysk 2010"]
[Site "Khanty-Mansiysk RUS"]
[Date "2010.09.24"]
[Round "4"]
[White "Kozul, Zdenko"]
[Black "Hillarp Persson, Tiger"]
[Result "1/2-1/2"]
[WhiteElo "2604"]
[BlackElo "2517"]
[PlyCount "95"]
[EventDate "2010.09.21"]
[EventType "team"]
[EventRounds "11"]
[EventCountry "RUS"]
[Source "lmi"]
[SourceDate "2010.09.21"]
[WhiteTeam "Croacia"]
[BlackTeam "Suecia"]
[WhiteTeamCountry "CRO"]
[BlackTeamCountry "SWE"]

1. Nf3 Nf6 2. c4 c6 3. Nc3 d5 4. e3 e6 5. b3 Nbd7 6. Qc2 Bd6 7. Bb2 O-O 8. h3
Qe7 9. g4 a6 10. g5 Ne8 11. h4 Nc7 12. Bd3 f5 13. gxf6 Nxf6 14. Ng5 h6 15. f4
b5 16. Rg1 bxc4 17. bxc4 Rb8 18. Nf3 Bd7 19. Ne2 Be8 20. Be5 Bxe5 21. Nxe5 Nd7
22. Nxd7 Qxh4+ 23. Ng3 Bxd7 24. Qc3 Ne8 25. Rg2 Nf6 26. O-O-O Ne8 27. Rdg1 Qf6
28. Nh5 Qxc3+ 29. dxc3 Rf7 30. c5 Kf8 31. Bxa6 Ra8 32. Bd3 Ra5 33. Bg6 Re7 34.
Bxe8 Bxe8 35. Nxg7 Bf7 36. f5 Rxc5 37. fxe6 Bxe6 38. Rf2+ Bf7 39. Nf5 Re6 40.
Rgf1 Rxc3+ 41. Kb2 Rc4 42. Nxh6 Rxh6 43. Rxf7+ Kg8 44. Ra7 c5 45. Rg1+ Kf8 46.
Rf1+ Kg8 47. Rg1+ Kf8 48. Rf1+ 1/2-1/2

[Event "Olimpiada de Khanty-Mansiysk 2010"]
[Site "Khanty-Mansiysk RUS"]
[Date "2010.09.24"]
[Round "4"]
[White "Jankovic, Alojzije"]
[Black "Grandelius, Nils"]
[Result "0-1"]
[WhiteElo "2560"]
[BlackElo "2500"]
[PlyCount "70"]
[EventDate "2010.09.21"]
[EventType "team"]
[EventRounds "11"]
[EventCountry "RUS"]
[Source "lmi"]
[SourceDate "2010.09.21"]
[WhiteTeam "Croacia"]
[BlackTeam "Suecia"]
[WhiteTeamCountry "CRO"]
[BlackTeamCountry "SWE"]

1. Nf3 Nf6 2. c4 g6 3. Nc3 d5 4. Qa4+ Bd7 5. Qb3 dxc4 6. Qxc4 a6 7. d4 b5 8.
Qb3 c5 9. dxc5 Bg7 10. e4 Bc6 11. a4 bxa4 12. Qc4 O-O 13. Be2 Nbd7 14. O-O Qc7
15. Re1 Rfc8 16. Bg5 Bb5 17. Qa2 e6 18. Rac1 Rab8 19. Nxb5 axb5 20. c6 Ne5 21.
Bxf6 Bxf6 22. b3 axb3 23. Qxb3 Qb6 24. c7 Rxc7 25. Rxc7 Qxc7 26. Bxb5 Qa5 27.
Rb1 Nxf3+ 28. gxf3 Be5 29. h3 Qd8 30. Qe3 Qh4 31. Kg2 Rd8 32. Bf1 Bf4 33. Qc5
Rd2 34. Qc8+ Kg7 35. Qc3+ Kh6 0-1

[Event "Olimpiada de Khanty-Mansiysk 2010"]
[Site "Khanty-Mansiysk RUS"]
[Date "2010.09.24"]
[Round "4"]
[White "Mastrovasilis, Dimitrios"]
[Black "Predojevic, Borki"]
[Result "0-1"]
[WhiteElo "2569"]
[BlackElo "2624"]
[PlyCount "128"]
[EventDate "2010.09.21"]
[EventType "team"]
[EventRounds "11"]
[EventCountry "RUS"]
[Source "lmi"]
[SourceDate "2010.09.21"]
[WhiteTeam "Grecia"]
[BlackTeam "Bosnia Herzegovina"]
[WhiteTeamCountry "GRE"]
[BlackTeamCountry "BIH"]

1. e4 e5 2. Nf3 Nc6 3. Bb5 Nf6 4. O-O Nxe4 5. d4 Nd6 6. Bxc6 dxc6 7. dxe5 Nf5
8. Qxd8+ Kxd8 9. Nc3 Ne7 10. h3 Ng6 11. Bg5+ Ke8 12. Rad1 Bd7 13. Rd2 Be6 14.
Rfd1 Be7 15. Be3 h5 16. Nd4 h4 17. f4 Rh5 18. Nce2 Bd7 19. Nb3 Nf8 20. Nc5 Bc8
21. Ne4 b6 22. c4 f6 23. Nd4 Bd7 24. Nf3 Bf5 25. exf6 gxf6 26. Nc3 Rd8 27.
Rxd8+ Bxd8 28. Kf2 Be7 29. Ne2 Bd7 30. Nc3 Ng6 31. Ne4 c5 32. Re1 Kf7 33. Bd2
Bc6 34. b3 Bd6 35. Nxd6+ cxd6 36. Be3 Ne7 37. Bd2 Ng6 38. Nh2 d5 39. cxd5 Rxd5
40. Bc1 Ne7 41. Ng4 Rd7 42. Ne3 Rd3 43. Rd1 Rd4 44. Rxd4 cxd4 45. Nc2 Nf5 46.
Bb2 d3 47. Nd4 Nxd4 48. Bxd4 Bxg2 49. Ke3 Bf1 50. f5 Bxh3 51. Kxd3 Bxf5+ 52.
Ke2 Bg4+ 53. Kf2 Ke6 54. b4 f5 55. a4 Kd5 56. Be3 Ke4 57. Bg5 h3 58. a5 b5 59.
Be7 a6 60. Bd6 Kd5 61. Be5 Kc4 62. Bd6 f4 63. Kg1 f3 64. Kf2 h2 0-1

[Event "Olimpiada de Khanty-Mansiysk 2010"]
[Site "Khanty-Mansiysk RUS"]
[Date "2010.09.24"]
[Round "4"]
[White "Kurajica, Bojan"]
[Black "Halkias, Stelios"]
[Result "0-1"]
[WhiteElo "2535"]
[BlackElo "2577"]
[PlyCount "58"]
[EventDate "2010.09.21"]
[EventType "team"]
[EventRounds "11"]
[EventCountry "RUS"]
[Source "lmi"]
[SourceDate "2010.09.21"]
[WhiteTeam "Bosnia Herzegovina"]
[BlackTeam "Grecia"]
[WhiteTeamCountry "BIH"]
[BlackTeamCountry "GRE"]

1. d4 d5 2. Nf3 Nf6 3. c4 e6 4. Qc2 Be7 5. Nbd2 O-O 6. a3 Nbd7 7. b4 a5 8. Rb1
axb4 9. axb4 dxc4 10. Nxc4 b5 11. Nce5 Nxe5 12. Nxe5 Bb7 13. e3 Qd5 14. f3 Ra2
15. Qc3 Rfa8 16. Be2 Qd6 17. Nd3 Nd5 18. Qb3 Nb6 19. Nc5 Bd5 20. Qd1 Bh4+ 21.
Kf1 Bc4 22. Bxc4 Nxc4 23. Nd3 e5 24. g3 Bg5 25. f4 exf4 26. gxf4 Qd5 27. Rg1
Bf6 28. Ne1 Bh4 29. Nd3 Qe4 0-1

[Event "Olimpiada de Khanty-Mansiysk 2010"]
[Site "Khanty-Mansiysk RUS"]
[Date "2010.09.24"]
[Round "4"]
[White "Saibulatov, Daniyal"]
[Black "Bruzon Batista, Lazaro"]
[Result "1/2-1/2"]
[WhiteElo "2400"]
[BlackElo "2679"]
[PlyCount "62"]
[EventDate "2010.09.21"]
[EventType "team"]
[EventRounds "11"]
[EventCountry "RUS"]
[Source "lmi"]
[SourceDate "2010.09.21"]
[WhiteTeam "Bélgica"]
[BlackTeam "Cuba"]
[WhiteTeamCountry "BEL"]
[BlackTeamCountry "CUB"]

1. e4 c5 2. Nf3 e6 3. d4 cxd4 4. Nxd4 a6 5. Nc3 Qc7 6. g3 Bb4 7. Bd2 Nf6 8. Bg2
O-O 9. O-O Be7 10. Be3 Nc6 11. Nxc6 bxc6 12. Na4 Rb8 13. c4 d6 14. b3 c5 15.
Qe2 Bb7 16. Nc3 Nd7 17. Rad1 Rbd8 18. Qd2 Ne5 19. Ne2 f5 20. f3 d5 21. exd5
exd5 22. cxd5 Rxd5 23. Qc2 Rxd1 24. Qxd1 Rd8 25. Qc2 Qd7 26. Bxc5 Qd2 27. Qxd2
Rxd2 28. Bxe7 Rxe2 29. Rf2 Re1+ 30. Rf1 Re2 31. Rf2 Re1+ 1/2-1/2

[Event "Olimpiada de Khanty-Mansiysk 2010"]
[Site "Khanty-Mansiysk RUS"]
[Date "2010.09.24"]
[Round "4"]
[White "Corrales Jimenez, Fidel"]
[Black "Vandenbussche, Thibaut"]
[Result "1-0"]
[WhiteElo "2599"]
[BlackElo "2333"]
[PlyCount "71"]
[EventDate "2010.09.21"]
[EventType "team"]
[EventRounds "11"]
[EventCountry "RUS"]
[Source "lmi"]
[SourceDate "2010.09.21"]
[WhiteTeam "Cuba"]
[BlackTeam "Bélgica"]
[WhiteTeamCountry "CUB"]
[BlackTeamCountry "BEL"]

1. e4 g6 2. d4 Bg7 3. Nc3 d6 4. f4 Nc6 5. Nf3 Bg4 6. d5 Nd4 7. Be3 c5 8. dxc6
Bxf3 9. gxf3 Nxc6 10. Qd2 Nf6 11. O-O-O O-O 12. h4 Qa5 13. Bc4 Nh5 14. Rhg1
Rfc8 15. Bb3 Bxc3 16. bxc3 Qa3+ 17. Kb1 Na5 18. Qd3 b5 19. Rg5 Nc4 20. Bc1 Qa6
21. f5 Qb6 22. fxg6 hxg6 23. Rdg1 Kg7 24. R1g2 Rc5 25. e5 dxe5 26. Rxh5 Rd8 27.
Qf5 Rd1 28. Rh7+ Kxh7 29. Qxf7+ Kh8 30. Qf8+ Kh7 31. Qh6+ Kg8 32. Rxg6+ Qxg6
33. Qxg6+ Kf8 34. h5 e4 35. h6 Rh1 36. h7 1-0

[Event "Olimpiada de Khanty-Mansiysk 2010"]
[Site "Khanty-Mansiysk RUS"]
[Date "2010.09.24"]
[Round "4"]
[White "Laznicka, Viktor"]
[Black "Macias Murillo, Bryan"]
[Result "1-0"]
[WhiteElo "2690"]
[BlackElo "2377"]
[PlyCount "101"]
[EventDate "2010.09.21"]
[EventType "team"]
[EventRounds "11"]
[EventCountry "RUS"]
[Source "lmi"]
[SourceDate "2010.09.21"]
[WhiteTeam "Chequia"]
[BlackTeam "Ecuador"]
[WhiteTeamCountry "CZE"]
[BlackTeamCountry "ECU"]

1. d4 Nf6 2. c4 c5 3. d5 b5 4. cxb5 a6 5. bxa6 Bxa6 6. Nc3 d6 7. g3 g6 8. Bg2
Bg7 9. Nf3 O-O 10. O-O Nbd7 11. Rb1 Ne8 12. Qc2 Nc7 13. Rd1 Nb6 14. e4 Bc8 15.
b3 Bd7 16. Bb2 Qc8 17. Re1 Bh3 18. Bxh3 Qxh3 19. Rbd1 Na6 20. a3 Nd7 21. Nb5
Bxb2 22. Qxb2 Rfb8 23. a4 f6 24. Nd2 Ne5 25. Qc3 Rb7 26. f4 Nf7 27. Nc4 Nc7 28.
Nxc7 Rxc7 29. e5 fxe5 30. fxe5 Rf8 31. Rf1 Rcc8 32. exd6 Nxd6 33. Ne5 Nf5 34.
Nc6 Rf7 35. Rf2 Nd4 36. Rdd2 Rxf2 37. Rxf2 Nxc6 38. dxc6 Qe6 39. Qf3 Qxc6 40.
Qf7+ Kh8 41. Qxe7 Qe8 42. Qxe8+ Rxe8 43. Ra2 Ra8 44. Kf2 Kg7 45. Ke2 Rd8 46. a5
Kf6 47. a6 Ke5 48. a7 Ra8 49. Kd3 Kd5 50. Ra6 g5 51. g4 1-0

[Event "Olimpiada de Khanty-Mansiysk 2010"]
[Site "Khanty-Mansiysk RUS"]
[Date "2010.09.24"]
[Round "4"]
[White "Santos Flores, Alberto"]
[Black "Votava, Jan"]
[Result "1/2-1/2"]
[WhiteElo "2356"]
[BlackElo "2579"]
[PlyCount "91"]
[EventDate "2010.09.21"]
[EventType "team"]
[EventRounds "11"]
[EventCountry "RUS"]
[Source "lmi"]
[SourceDate "2010.09.21"]
[WhiteTeam "Ecuador"]
[BlackTeam "Chequia"]
[WhiteTeamCountry "ECU"]
[BlackTeamCountry "CZE"]

1. c4 e5 2. g3 Nc6 3. Bg2 d6 4. Nc3 Be6 5. d3 Qd7 6. e4 g6 7. Be3 Bg7 8. Nge2
Nge7 9. Nd5 O-O 10. Qd2 Nd4 11. Nxd4 exd4 12. Bg5 f6 13. Bh6 c6 14. Bxg7 Kxg7
15. Nxe7 Qxe7 16. O-O a5 17. b3 a4 18. Qb2 c5 19. b4 a3 20. Qd2 b5 21. cxb5
Rab8 22. bxc5 dxc5 23. Qa5 Ra8 24. Qd2 Ra4 25. Qc2 Rb4 26. Rfc1 Rb8 27. e5
R8xb5 28. Bc6 Ra5 29. exf6+ Qxf6 30. Rcb1 Qe5 31. Re1 Qd6 32. Qe2 Bf7 33. Be8
Bd5 34. Qg4 Ra7 35. Qg5 h6 36. Qg4 Qf6 37. f4 h5 38. Qc8 Qd6 39. Re5 Rc7 40.
Qh3 Rcb7 41. Bxg6 Rb1+ 42. Rxb1 Rxb1+ 43. Kf2 Rb2+ 44. Kg1 Rb1+ 45. Kf2 Rb2+
46. Kg1 1/2-1/2

[Event "Olimpiada de Khanty-Mansiysk 2010"]
[Site "Khanty-Mansiysk RUS"]
[Date "2010.09.24"]
[Round "4"]
[White "Babula, Vlastimil"]
[Black "Guerra Tulcan, Lenin"]
[Result "1-0"]
[WhiteElo "2515"]
[BlackElo "2352"]
[PlyCount "79"]
[EventDate "2010.09.21"]
[EventType "team"]
[EventRounds "11"]
[EventCountry "RUS"]
[Source "lmi"]
[SourceDate "2010.09.21"]
[WhiteTeam "Chequia"]
[BlackTeam "Ecuador"]
[WhiteTeamCountry "CZE"]
[BlackTeamCountry "ECU"]

1. d4 d5 2. c4 e6 3. Nc3 Nf6 4. Bg5 c6 5. e3 Nbd7 6. Nf3 Be7 7. Bd3 O-O 8. O-O
dxc4 9. Bxc4 Nd5 10. Bxe7 Qxe7 11. Rc1 Nxc3 12. Rxc3 e5 13. dxe5 Nxe5 14. Nxe5
Qxe5 15. f4 Qe7 16. f5 Qf6 17. e4 a5 18. Rf2 a4 19. a3 Ra5 20. Ba2 Re5 21. Qxa4
Qh4 22. Bb1 Rxf5 23. g3 Rg5 24. Ba2 Qh3 25. Rxf7 Rxf7 26. Rf3 h5 27. Bxf7+ Kh7
28. Qd4 Qd7 29. Qxd7 Bxd7 30. Kf2 Rc5 31. Ke3 Rc2 32. Rf2 Rxf2 33. Kxf2 g6 34.
e5 Kg7 35. Ba2 Bf5 36. b4 Bc2 37. Ke3 Kf8 38. Bc4 g5 39. h4 gxh4 40. gxh4 1-0

[Event "Olimpiada de Khanty-Mansiysk 2010"]
[Site "Khanty-Mansiysk RUS"]
[Date "2010.09.24"]
[Round "4"]
[White "Gonzalez Zamora, Juan Car"]
[Black "Fernandez, Daniel Howard"]
[Result "1-0"]
[WhiteElo "2564"]
[BlackElo "2371"]
[PlyCount "111"]
[EventDate "2010.09.21"]
[EventType "team"]
[EventRounds "11"]
[EventCountry "RUS"]
[Source "lmi"]
[SourceDate "2010.09.21"]
[WhiteTeam "México"]
[BlackTeam "Singapur"]
[WhiteTeamCountry "MEX"]
[BlackTeamCountry "SIN"]

1. c4 g6 2. Nc3 Bg7 3. d4 d6 4. e4 e5 5. d5 Nd7 6. Bd3 Ne7 7. h4 h5 8. Nf3 c6
9. Be2 Qc7 10. Be3 Bh6 11. Bxh6 Rxh6 12. Qd2 Ng8 13. Ng5 c5 14. g3 Rh8 15. f4
Nh6 16. Rf1 a6 17. O-O-O Qd8 18. f5 gxf5 19. Bxh5 Nf6 20. Be2 Qe7 21. Bd3 fxe4
22. Ncxe4 Nxe4 23. Bxe4 f5 24. Bf3 Nf7 25. Ne6 Nd8 26. Bg2 Bxe6 27. dxe6 Nxe6
28. Qxd6 Qxd6 29. Rxd6 Nd4 30. Re1 e4 31. g4 Ke7 32. Rg6 Kf7 33. gxf5 Nxf5 34.
Rb6 Nd4 35. Bxe4 Rxh4 36. Bxb7 Rd8 37. Bd5+ Kg7 38. Rxa6 Rh2 39. Kb1 Rb8 40.
Ra7+ Kh8 41. Rb7 Rf8 42. Rbe7 Rff2 43. Rb7 Re2 44. Rxe2 Rxe2 45. a3 Re3 46. Ka2
Nc2 47. Rb5 Kg7 48. Rxc5 Kf6 49. Rc8 Rg3 50. c5 Ke5 51. Rg8 Rh3 52. c6 Kd6 53.
Rd8+ Kc7 54. Rd7+ Kb8 55. Rb7+ Ka8 56. c7 1-0

[Event "Olimpiada de Khanty-Mansiysk 2010"]
[Site "Khanty-Mansiysk RUS"]
[Date "2010.09.24"]
[Round "4"]
[White "Chan, Wei Xuan Timothy"]
[Black "Gonzalez Garcia, Jose"]
[Result "1/2-1/2"]
[WhiteElo "2338"]
[BlackElo "2543"]
[PlyCount "106"]
[EventDate "2010.09.21"]
[EventType "team"]
[EventRounds "11"]
[EventCountry "RUS"]
[Source "lmi"]
[SourceDate "2010.09.21"]
[WhiteTeam "Singapur"]
[BlackTeam "México"]
[WhiteTeamCountry "SIN"]
[BlackTeamCountry "MEX"]

1. e4 c5 2. Nf3 e6 3. g3 d5 4. exd5 exd5 5. d4 Nc6 6. Bg2 Bd6 7. O-O Nge7 8.
dxc5 Bxc5 9. Nbd2 O-O 10. Nb3 Bb6 11. Nfd4 a5 12. a4 Nf5 13. c3 Nfxd4 14. Nxd4
Bxd4 15. cxd4 Bf5 16. Be3 Qd7 17. Qe2 Bh3 18. Bxh3 Qxh3 19. Qb5 Qd7 20. Rac1 f5
21. Bf4 Rf7 22. Rfd1 h6 23. Rc5 Rd8 24. Qb3 Kh7 25. Be5 Qe6 26. f4 g5 27. Kh1
Rdd7 28. Qf3 Kg6 29. Qd3 Kh7 30. Re1 gxf4 31. gxf4 Rg7 32. Rcc1 Rg4 33. h3 Rg6
34. Qe3 Rd8 35. Rg1 Rdg8 36. Kh2 Qe7 37. Rxg6 Rxg6 38. Rg1 Qe8 39. Rxg6 Qxg6
40. Qf3 Nb4 41. Qe2 Qc6 42. Qh5 Qg6 43. Qe2 Qe8 44. Qg2 Qd7 45. b3 Nc6 46. Kh1
Nd8 47. Qc2 Nc6 48. Qc5 Kg8 49. Kh2 Qd8 50. Bd6 Nb4 51. Be7 Qd7 52. Bf6 Nc6 53.
Be5 Kf7 1/2-1/2

[Event "Olimpiada de Khanty-Mansiysk 2010"]
[Site "Khanty-Mansiysk RUS"]
[Date "2010.09.24"]
[Round "4"]
[White "Ibarra Chami, Luis Fernan"]
[Black "Chua, Zheng Yuan Terry"]
[Result "1-0"]
[WhiteElo "2444"]
[BlackElo "2280"]
[PlyCount "89"]
[EventDate "2010.09.21"]
[EventType "team"]
[EventRounds "11"]
[EventCountry "RUS"]
[Source "lmi"]
[SourceDate "2010.09.21"]
[WhiteTeam "México"]
[BlackTeam "Singapur"]
[WhiteTeamCountry "MEX"]
[BlackTeamCountry "SIN"]

1. d4 f5 2. Nc3 Nf6 3. Bg5 d5 4. Bxf6 exf6 5. e3 Be6 6. Bd3 c6 7. h4 g6 8. h5
g5 9. h6 Qd7 10. Qh5+ Kd8 11. a3 a5 12. f4 Rg8 13. fxg5 fxg5 14. Na4 Qc7 15.
O-O-O b5 16. Nc5 Bxc5 17. dxc5 Nd7 18. Nf3 Qg3 19. Rh3 Qg4 20. Nd4 Qxh5 21.
Rxh5 Bf7 22. Rhh1 Kc7 23. Bxf5 Bg6 24. Rdf1 Nxc5 25. Bxg6 Rxg6 26. Rf7+ Kd6 27.
Rxh7 Rf8 28. Rg7 Rgf6 29. Nf3 Ne6 30. e4 Rxf3 31. gxf3 Nxg7 32. hxg7 Rg8 33.
Rh6+ Ke5 34. Rg6 dxe4 35. fxe4 Kf4 36. Kd2 g4 37. Kd3 Kf3 38. Kd4 Kf4 39. Kc5
Kxe4 40. Rxg4+ Kf5 41. Rg2 Kf6 42. Kxc6 b4 43. axb4 axb4 44. Kb7 Kf5 45. Kc7
1-0

[Event "Olimpiada de Khanty-Mansiysk 2010"]
[Site "Khanty-Mansiysk RUS"]
[Date "2010.09.24"]
[Round "4"]
[White "Vasquez Schroeder, Rodrig"]
[Black "Bogner, Sebastian"]
[Result "1-0"]
[WhiteElo "2521"]
[BlackElo "2549"]
[PlyCount "121"]
[EventDate "2010.09.21"]
[EventType "team"]
[EventRounds "11"]
[EventCountry "RUS"]
[Source "lmi"]
[SourceDate "2010.09.21"]
[WhiteTeam "Chile"]
[BlackTeam "Alemania"]
[WhiteTeamCountry "CHI"]
[BlackTeamCountry "GER"]

1. d4 d5 2. c4 c6 3. cxd5 cxd5 4. Nc3 Nf6 5. Bf4 Nc6 6. e3 Bf5 7. Nf3 e6 8. Qb3
Qb6 9. Qxb6 axb6 10. Bb5 Nd7 11. Nh4 Bg4 12. h3 Bh5 13. g4 Bg6 14. Kd2 Be7 15.
Bg3 Ra5 16. Nxg6 hxg6 17. h4 Bb4 18. Be2 Ke7 19. a3 Bd6 20. f4 Nf6 21. Bf3 Raa8
22. b4 Kd7 23. Kc2 Ne7 24. Kb3 Rad8 25. Rac1 Bb8 26. Rc2 Nc8 27. Na4 Ke7 28. b5
Nd6 29. Nxb6 Nxb5 30. Rhc1 Nd6 31. Be1 Nd7 32. Na4 f5 33. Nb2 b5 34. Rc6 Nc4
35. gxf5 gxf5 36. Bb4+ Kf7 37. h5 Rc8 38. Rxc8 Rxc8 39. Nxc4 bxc4+ 40. Ka4 Rc6
41. Ba5 Bd6 42. Kb5 Rc8 43. a4 Ke7 44. Rg1 Rb8+ 45. Kc6 Rc8+ 46. Kb7 Rb8+ 47.
Ka7 Kf7 48. h6 g6 49. Bh5 Nf8 50. h7 Kg7 51. h8=Q+ Kxh8 52. Bxg6 Kg7 53. Bxf5+
Kf6 54. Rb1 Nd7 55. Bc2 Rg8 56. Rb7 Ke7 57. f5 Rf8 58. e4 dxe4 59. Bxe4 exf5
60. Bc6 Bb8+ 61. Ka6 1-0

[Event "Olimpiada de Khanty-Mansiysk 2010"]
[Site "Khanty-Mansiysk RUS"]
[Date "2010.09.24"]
[Round "4"]
[White "Kraemer, Martin"]
[Black "Campos Moreno, Javier B"]
[Result "1-0"]
[WhiteElo "2516"]
[BlackElo "2484"]
[PlyCount "39"]
[EventDate "2010.09.21"]
[EventType "team"]
[EventRounds "11"]
[EventCountry "RUS"]
[Source "lmi"]
[SourceDate "2010.09.21"]
[WhiteTeam "Alemania"]
[BlackTeam "Chile"]
[WhiteTeamCountry "GER"]
[BlackTeamCountry "CHI"]

1. d4 Nf6 2. c4 e6 3. g3 d5 4. Bg2 Bb4+ 5. Bd2 Be7 6. Nf3 O-O 7. O-O c6 8. Bf4
b6 9. Nc3 Ba6 10. cxd5 cxd5 11. Rc1 Bb7 12. Ne5 Nbd7 13. Qd3 Nxe5 14. Bxe5 Qd7
15. Rc2 Rfc8 16. Rfc1 a6 17. e3 b5 18. Qd1 Ne4 19. Nxe4 dxe4 20. Rc7 1-0

[Event "Olimpiada de Khanty-Mansiysk 2010"]
[Site "Khanty-Mansiysk RUS"]
[Date "2010.09.24"]
[Round "4"]
[White "Arancibia Guzman, Eduardo"]
[Black "Huschenbeth, Niclas"]
[Result "0-1"]
[WhiteElo "2352"]
[BlackElo "2461"]
[PlyCount "98"]
[EventDate "2010.09.21"]
[EventType "team"]
[EventRounds "11"]
[EventCountry "RUS"]
[Source "lmi"]
[SourceDate "2010.09.21"]
[WhiteTeam "Chile"]
[BlackTeam "Alemania"]
[WhiteTeamCountry "CHI"]
[BlackTeamCountry "GER"]

1. c4 e5 2. Nc3 Nf6 3. Nf3 Nc6 4. e3 Bb4 5. Qc2 O-O 6. Nd5 Ba5 7. a3 d6 8. b4
Bb6 9. Nxb6 axb6 10. Bb2 e4 11. Ng5 Bf5 12. d3 Re8 13. dxe4 Nxe4 14. Nxe4 Bxe4
15. Qc3 Qg5 16. O-O-O Qe5 17. Qxe5 Nxe5 18. h3 Bf5 19. Be2 Be6 20. Bxe5 dxe5
21. Kb2 Kf8 22. Rd2 Ke7 23. Rhd1 Ra4 24. Ra1 Rea8 25. Bd1 R4a7 26. Bb3 g5 27.
e4 c5 28. b5 Rd8 29. Rxd8 Kxd8 30. Rh1 Ke7 31. h4 g4 32. g3 Ra8 33. Rd1 Rf8 34.
Rd2 h5 35. Kc3 f5 36. exf5 Rxf5 37. Bd1 e4 38. a4 e3 39. fxe3 Rf1 40. Bc2 Rf3
41. Bg6 Rxg3 42. Bxh5 Rxe3+ 43. Kb2 Rh3 44. Bg6 Rxh4 45. Be4 g3 46. Bxb7 Rxc4
47. a5 bxa5 48. Bc6 Rd4 49. Re2 Rc4 0-1

[Event "Olimpiada de Khanty-Mansiysk 2010"]
[Site "Khanty-Mansiysk RUS"]
[Date "2010.09.24"]
[Round "4"]
[White "Cuartas Medina, Jaime Ale"]
[Black "Zhigalko, Sergei"]
[Result "1/2-1/2"]
[WhiteElo "2529"]
[BlackElo "2640"]
[PlyCount "108"]
[EventDate "2010.09.21"]
[EventType "team"]
[EventRounds "11"]
[EventCountry "RUS"]
[Source "lmi"]
[SourceDate "2010.09.21"]
[WhiteTeam "Colombia"]
[BlackTeam "Bielorusia"]
[WhiteTeamCountry "COL"]
[BlackTeamCountry "BLR"]

1. e4 c5 2. Nf3 d6 3. d4 cxd4 4. Nxd4 Nf6 5. Nc3 a6 6. Bg5 Nbd7 7. Qd2 e6 8. f3
Be7 9. O-O-O O-O 10. g4 Qc7 11. Be3 Ne5 12. g5 Nfd7 13. f4 Nc4 14. Bxc4 Qxc4
15. h4 b5 16. b3 Qc7 17. g6 b4 18. Na4 Nf6 19. gxh7+ Kh8 20. Rhg1 Bb7 21. Qg2
g6 22. Nxe6 fxe6 23. Bb6 Bxe4 24. Bxc7 Bxg2 25. Rxg2 Nd5 26. Rxd5 exd5 27. Nb6
Rae8 28. Nxd5 Bf6 29. Rxg6 Bc3 30. Rg1 Kxh7 31. Bxd6 Rg8 32. Rd1 Re2 33. Bxb4
Bh8 34. Bd2 Rh2 35. c4 Bd4 36. f5 Rgg2 37. f6 Kg8 38. b4 Kf7 39. c5 Rxh4 40. c6
Be5 41. Ne3 Re2 42. Rg1 Rxe3 43. Bxe3 Rxb4 44. Rg2 Kxf6 45. Rc2 Bc7 46. Kd2 Ke6
47. Kd3 Ra4 48. Bc5 Kd5 49. Bf8 Rd4+ 50. Ke3 Re4+ 51. Kd3 Rd4+ 52. Ke3 Re4+ 53.
Kd3 Rd4+ 54. Ke3 Ke5 1/2-1/2

[Event "Olimpiada de Khanty-Mansiysk 2010"]
[Site "Khanty-Mansiysk RUS"]
[Date "2010.09.24"]
[Round "4"]
[White "Zhigalko, Andrey"]
[Black "Escobar Forero, Alder"]
[Result "1-0"]
[WhiteElo "2580"]
[BlackElo "2454"]
[PlyCount "77"]
[EventDate "2010.09.21"]
[EventType "team"]
[EventRounds "11"]
[EventCountry "RUS"]
[Source "lmi"]
[SourceDate "2010.09.21"]
[WhiteTeam "Bielorusia"]
[BlackTeam "Colombia"]
[WhiteTeamCountry "BLR"]
[BlackTeamCountry "COL"]

1. c4 e5 2. Nc3 Nf6 3. Nf3 Nc6 4. g3 Nd4 5. Bg2 Nxf3+ 6. Bxf3 Bc5 7. e3 O-O 8.
d4 exd4 9. exd4 Re8+ 10. Be3 Bf8 11. O-O d6 12. Re1 c6 13. d5 c5 14. h4 Bf5 15.
g4 Bc8 16. g5 Nd7 17. Bf4 Ne5 18. Bxe5 dxe5 19. Bg4 f5 20. gxf6 gxf6 21. Bxc8
Qxc8 22. Ne4 Re7 23. Qh5 f5 24. Nf6+ Kh8 25. Rxe5 Rg7+ 26. Kh1 Be7 27. Rae1 f4
28. Re6 b5 29. Ng4 Qb7 30. Nh6 bxc4 31. Qe5 Bf8 32. Nf5 Rd8 33. Qxg7+ Qxg7 34.
Nxg7 Kxg7 35. R1e5 Rb8 36. Rg5+ Kf7 37. Rf5+ Kg7 38. h5 h6 39. d6 1-0